Provinces of Burundi with a Map - Statistics

General Stats
  • This quiz has been taken 277 times
  • The average score is 3 of 5
Answers on the Map
Answers color-coded by a green-red scale on the quiz's map according to % correct below.
 
Answer Stats
Province % Correct
Gitega
96%
Bujumbura
88%
Buhumuza
36%
Burunga
34%
Butanyerera
34%
No matching quizzes found
Score Distribution
Percent of People with Each Score
Percentile by Number Answered
Your Score History
You have not taken this quiz